Wheat policy reform in Egypt : (Record no. 18290)

000 -LEADER
fixed length control field 00535cam a22001694a 4500
020 ## - INTERNATIONAL STANDARD BOOK NUMBER
ISBN 0896291189
040 ## - CATALOGING SOURCE
Transcribing agency DLC
082 00 - DEWEY DECIMAL CLASSIFICATION NUMBER
Classification number 381 IFPRI 2000 C141 Or.
245 00 - TITLE STATEMENT
Title Wheat policy reform in Egypt :
Remainder of title adjustment of local markets and options for future reforms /
260 ## - PUBLICATION, DISTRIBUTION, ETC. (IMPRINT)
Place of publication Washington, D.C. :
Name of publisher International Food Policy Research Institute,
Year of publication 2000.
300 ## - PHYSICAL DESCRIPTION
Number of Pages xiii, 170 p. :
Other physical details ill. ;
Dimensions 26 cm.
490 1# - SERIES STATEMENT
Series statement Research report ;
650 #0 - SUBJECT ADDED ENTRY--TOPICAL TERM
Topical Term Wheat trade
650 #0 - SUBJECT ADDED ENTRY--TOPICAL TERM
Topical Term Food supply
700 1# - ADDED ENTRY--PERSONAL NAME
Personal name Kherallah, Mylène.
942 ## - ADDED ENTRY ELEMENTS (KOHA)
Koha item type ADB
952 ## - LOCATION AND ITEM INFORMATION (KOHA)
Withdrawn status [LOCAL, KOHA] 0
Holdings
Source of acquisition Permanent Location Date acquired Koha item type Lost status Shelving location Current Location Full call number
A36491Library Block C2019-10-07សៀវភៅភាសាអង់គ្លេស C141Library Block C381 IFPRI 2000 C141 Or.
មជ្ឈមណ្ឌលឯការនៃសាកលវិទ្យាល័យភូមិន្ទកសិកម្មចំការដូង

Powered by Koha